书目信息 |
| 题名: |
趣读史记
|
|
| 作者: | 郭灿金 , 许晖 著 | |
| 分册: | ||
| 出版信息: | 武汉 崇文书局 2007 |
|
| 页数: | 197页 | |
| 开本: | 24cm | |
| 丛书名: | ||
| 单 册: | ||
| 中图分类: | K820.2 | |
| 科图分类: | ||
| 主题词: | 历史人物 | |
| 电子资源: | ||
| ISBN: | 978-7-5403-1130-8 | |
| 000 | 00967nam0 2200277 45 | |
| 001 | 1029945855 | |
| 005 | 20100429091224.82 | |
| 010 | @a978-7-5403-1130-8@dCNY20.00 | |
| 100 | @a20100420d2007 em y0chiy0110 ea | |
| 101 | 0 | @achi |
| 102 | @aCN@b420000 | |
| 105 | @aa z 000yd | |
| 106 | @ar | |
| 200 | 1 | @a趣读史记@AQu Dou Shi Ji@e不可不知的四十九个《史记》人物@EBu Ke Bu Zhi De Si Shi Jiu Ge《 Shi Ji》 Ren Wu@f郭灿金,许晖著@FGuo Can Jin, Xu Hui Zhu |
| 210 | @a武汉@c崇文书局@d2007 | |
| 215 | @a197页@c图@d24cm | |
| 330 | @a本书作者以新奇、别致的现代观念和现代视野,对《史记》所涉众多人物逐一品评。 | |
| 517 | 1 | @a不可不知的四十九个史记人物@ABu Ke Bu Zhi De Si Shi Jiu Ge Shi Ji Ren Wu |
| 605 | @a史记@x历史人物@x人物研究 | |
| 605 | @a史记 | |
| 606 | 0 | @a历史人物 |
| 690 | @aK820.2@v4 | |
| 701 | 0 | @a郭灿金@AGuo Can Jin@f(1967~)@4著 |
| 701 | 0 | @a许晖@AXu Hui@f(1969~)@4著 |
| 801 | 0 | @aCN@bTANGWEI@c20100429 |
| 905 | @b0594660-64@dK820.2@e119@f5 | |
| 趣读史记:不可不知的四十九个《史记》人物/郭灿金,许晖著.-武汉:崇文书局,2007 |
| 197页:图;24cm |
| ISBN 978-7-5403-1130-8:CNY20.00 |
| 本书作者以新奇、别致的现代观念和现代视野,对《史记》所涉众多人物逐一品评。 |
| ● |
| 相关链接 |
|
|
|
|
正题名:趣读史记
索取号:K820.2/119
 
预约/预借
| 序号 | 登录号 | 条形码 | 馆藏地/架位号 | 状态 | 备注 |
| 1 | 0594660 | 205946609 | 第二样本阅览室/ [索取号:K820.2/119] | 在馆 | |
| 2 | 0594661 | 205946618 | 第二借阅区/ [索取号:K820.2/119] | 在馆 | |
| 3 | 0594662 | 205946627 | 第二借阅区/ [索取号:K820.2/119] | 在馆 | |
| 4 | 0594663 | 205946636 | 第二借阅区/ [索取号:K820.2/119] | 在馆 | |
| 5 | 0594664 | 205946645 | 第二借阅区/ [索取号:K820.2/119] | 在馆 |